Applied statistics : proceedings of the conference at Dalhousie University, Halifax, May 2-4, 1974 /

Guardado en:
Otros Autores: Gupta, R. P. (Editor )
Formato: Libro
Idioma:English
Publicado: Amsterdam : New York : North-Holland ; American Elsevier, 1975.
Materias:
Etiquetas: Agregar Etiqueta
Sin Etiquetas, Sea el primero en etiquetar este registro!
LEADER 03311nam a2200217 a 4500
001 MAT.inmabb005854
008 750508s1975####ne#######b####100#0#eng##
005 20160413122227.0
245 0 0 |a Applied statistics :  |b proceedings of the conference at Dalhousie University, Halifax, May 2-4, 1974 /  |c edited by R. P. Gupta. 
260 |a Amsterdam :  |b North-Holland ;  |a New York :  |b American Elsevier,  |c 1975. 
300 |a x, 416 p. ;  |c 23 cm. 
504 |a Incluye referencias bibliográficas. 
505 0 |a D. F. Andrews, Alternative calculations for regression and analysis of variance problems -- W. T. Federer, The misunderstood split spot -- Alvan R. Feinstein, Statistical models and medical reality -- J. B. Garner, Attribute regression on attributes -- Z. Govindarajulu, Best linear unbiased and invariant estimators for regression parameters based on ordered observations -- R. P. Gupta, On a certain MANOVA model -- Shanti S. Gupta and Deng Yuan Huang, On subset selection procedures for Poisson populations and some applications to the multinomial selection problems -- Irwin Guttman and C. G. Khatri, A Bayesian approach to some problems involving the detection of spuriosity -- Paul B. Huber, Educational measurement in the university: quantifying teaching quality and variations in grading standards -- I. T. Jolliffe, Cluster analysis as a multiple comparison method -- D. G. Kabe, Some results for the reduced form model -- B. K. Kale, Trimmed means and the method of maximum likelihood when spurious observations are present -- C. G. Khatri and M. S. Srivastava, On the likelihood ratio test for covariance matrix in growth curve model -- Andre G. Laurent, Structuralism: remarks on spherical and hyperspherical structures -- R. H. Loucks, D. J. Lawrence and D. V. Ingraham, Note on estimation of plume and patch dispersion scales -- P. D. M. Macdonald, Estimation of finite distribution mixtures -- Ian B. MacNeill and Richard G. Dowd, Analysis of fish count data obtained using a digital echo counting system -- E. C. Pielou, Ecological models on an environmental gradient -- J. R. Rutherford, Design of experiments and data analysis: a scientific approach -- S. M. Shah, On the existence of affine $ mu$-resolvable BIBDS -- Jagbir Singh and Radhey S. Gupta, Derivation of a paired comparison model -- Rajinder Singh and D. Raghavarao, Application of linked block designs in successive sampling -- M. A. Stephens, Axial and bimodal data on a sphere -- T. W. F. Stroud, Testing for equality of means in two gamma distributions -- M. L. Tiku, Laguerre series forms of the distributions of classical test-statistics and their robustness in non-normal situations -- John W. Tukey, Instead of Gauss-Markov least squares, what? -- Arnold Zellner, Time series analysis and econometric model construction -- The universities' response to the increasing demand from government and industry for applied statisticians: a panel discussion by K. L. Weldon, A. W. Douglas, G. D. J. Edwards, J. R. Rutherford, A. J. Tingley and D. G. Watts. 
510 4 |a MR,  |c 52 #1944 
020 |a 044410772X (American Elsevier) 
700 1 |a Gupta, R. P.  |4 edt 
650 0 |a Mathematical statistics  |x Congresses. 
084 |a 62-06  |2 msc2000 
010 |a  75312068  
040 |a DLC  |c DLC  |d DLC 
859 |h 62  |i Ap6524  |p A-4928  |b BIB. MATEMATICA